| 000 | 00935nam a2200277Ia 4500 | ||
|---|---|---|---|
| 003 | GCL | ||
| 008 | 140319s9999 xx 000 0 ara d | ||
| 020 | _a9913270977 | ||
| 040 |
_aGCL / _cGCL |
||
| 082 | 0 | 4 |
_aط _b590 _bد ل |
| 100 | 1 | _aزكريا القاضى | |
| 245 | 1 | 0 |
_aلمن هذه الجلود ؟ نظرة الى جلود الحيوانات : قشور000 فرو 000 اشواك / _cزكريا القاضى |
| 700 | 1 | _aنورهان رشاد | |
| 700 | 1 | _aلاندمارك، كين | |
| 700 | 1 | _aكى، ليزا موريس | |
| 250 | _aالاولى | ||
| 260 |
_aالقاهرة : _bالدار المصرية اللبنانية ، _c2005 |
||
| 300 |
_a24 ص ؛ _c20 سم |
||
| 490 |
_aلمن هذه ؟ _v0 |
||
| 650 | 0 | 4 | _aالمعرفة |
| 650 | 0 | 4 | _aكتب الاطفال |
| 650 | 0 | 4 | _aالحيوانات - جلود |
| 650 | 0 | 4 | _aالحيوانات - انواع |
| 650 | 0 | 4 | _aالقشريات |
| 942 |
_2ddc _cBK |
||
| 999 |
_c9865 _d9865 |
||